Diseño geométrico de 4.5 km y estructura de pavimento articulado adoquín, por el método aashto-93, del tramo de carretera -comunidad el pino iii- comunidad San Luis, en el municipio de San Juan de Limay departamento de Esteli, de la estación 6+650 A 11+150
La investigación presenta una guía metodológica para describir de forma sistemática la aplicación de la mecánica de suelos en los procedimientos de diseño de una presa de tierra, y explicar las etapas de ejecución que conciernen a este tipo de obras
| Main Author: | |
|---|---|
| Other Authors: | |
| Format: | Tesis Section = Libro |
| Language: | Undetermined Spanish |
| Published: |
Managua
UNI
2021
|
| Subjects: |
| LEADER | 01229nam a2200253Ia 4500 | ||
|---|---|---|---|
| 008 | 240830s9999 xx 000 0 und d | ||
| 040 | |a BIBLIOTECA-RUPAP Mon 625.85 C348 | ||
| 041 | |a spa | ||
| 082 | |a Mon 625.85 C348 | ||
| 100 | 1 | |a Castellanos Colindres, Jonny Josué | |
| 245 | 1 | 0 | |a Diseño geométrico de 4.5 km y estructura de pavimento articulado adoquín, por el método aashto-93, del tramo de carretera -comunidad el pino iii- comunidad San Luis, en el municipio de San Juan de Limay departamento de Esteli, de la estación 6+650 A 11+150 |
| 260 | |a Managua |b UNI |c 2021 | ||
| 300 | |a 99 p. :il. | ||
| 500 | |a Contiene: anexos y CD. | ||
| 502 | |a Tesis (Ingeniero Civil) - UNI, 2021. | ||
| 520 | 3 | |a La investigación presenta una guía metodológica para describir de forma sistemática la aplicación de la mecánica de suelos en los procedimientos de diseño de una presa de tierra, y explicar las etapas de ejecución que conciernen a este tipo de obras | |
| 650 | 7 | |a PRESAS DE TIERRA-DISEÑO Y CONSTRUCCION | |
| 650 | 7 | |b EMBALSE | |
| 650 | 7 | |c RECURSOS HIDRICOS | |
| 650 | 7 | |d MECANICA DE SUELOS | |
| 700 | 1 | |a Tutor: |b Sánchez Rocha, Keving Roberto | |
| 942 | |c BK |2 ddc | ||
| 991 | |a TESIS | ||
| 999 | |c 19065 | ||